Institutional investment in the US residential sector - lessons for the UK? (Record no. 65750)
[ view plain ]
| 000 -LEADER | |
|---|---|
| fixed length control field | 01953cam a2200253 4500 |
| 001 - CONTROL NUMBER | |
| control field | ABS63312 |
| 008 - FIXED-LENGTH DATA ELEMENTS--GENERAL INFORMATION | |
| fixed length control field | 000000n2000 000 0 eng u |
| 035 ## - SYSTEM CONTROL NUMBER | |
| System control number | (Sirsi) u110260 |
| 100 ## - MAIN ENTRY--PERSONAL NAME | |
| Personal name | Foxley, S |
| 245 ## - TITLE STATEMENT | |
| Title | Institutional investment in the US residential sector - lessons for the UK? |
| 260 ## - PUBLICATION, DISTRIBUTION, ETC. | |
| Date of publication, distribution, etc. | 2000 |
| 490 ## - SERIES STATEMENT | |
| Series statement | Housing Finance |
| Volume/sequential designation | (48) November 2000, 23-30(8) |
| 520 ## - SUMMARY, ETC. | |
| Summary, etc. | Considers the experiences of institutional investors in the United States, who direct approximately a quarter of their property portfolios towards the residential sector and whether it offers any lessons for the development of the sector in the UK. The residential sector plays an important portfolio role in the US: the benefits are seen in the potential achievable returns, the sector's risk profile, the ability to match income related liabilities and the portfolio diversification role. The US experience shows tax efficient vehicles, such as Real Estate Investment Trusts (REITs), are essential for market development, but are not a pre-requisite; although a suitable structure offering liquidity, investment grade product and management efficiencies is needed. The UK has seen improvements in the quality and efficiency of residential management but there is opportunity for more innovative solutions. Information and research on the residential investment market will develop as the sector matures; this will be essential to inform investment decisions and establish the sector's credibility in the institutional community. Report based on findings of a research project, funded by Jones Lang LaSalle Educational Trust. Taken from journal abstract. Graphs, tables, references. |
| 590 ## - LOCAL NOTE (RLIN) | |
| Local note | ABS |
| 650 ## - SUBJECT ADDED ENTRY--TOPICAL TERM | |
| Topical term or geographic name entry element | REITS |
| 650 ## - SUBJECT ADDED ENTRY--TOPICAL TERM | |
| Topical term or geographic name entry element | REITS |
| 650 ## - SUBJECT ADDED ENTRY--TOPICAL TERM | |
| Topical term or geographic name entry element | UNITED STATES |
| 650 ## - SUBJECT ADDED ENTRY--TOPICAL TERM | |
| Topical term or geographic name entry element | PROPERTY FINANCE |
| 650 ## - SUBJECT ADDED ENTRY--TOPICAL TERM | |
| Topical term or geographic name entry element | RESIDENTIAL SECTOR |
| 650 ## - SUBJECT ADDED ENTRY--TOPICAL TERM | |
| Topical term or geographic name entry element | HOUSING INVESTMENT |
| 650 ## - SUBJECT ADDED ENTRY--TOPICAL TERM | |
| Topical term or geographic name entry element | INSTITUTIONAL INVESTMENT |
| 690 ## - LOCAL SUBJECT ADDED ENTRY--TOPICAL TERM (OCLC, RLIN) | |
| Topical term or geographic name as entry element | HOUSING-INVESTMENT |
| 942 ## - ADDED ENTRY ELEMENTS (KOHA) | |
| Suppress in OPAC | 0 |
| Withdrawn status | Lost status | Source of classification or shelving scheme | Damaged status | Not for loan | Home library | Current library | Shelving location | Date acquired | Total Checkouts | Full call number | Barcode | Date last seen | Copy number | Price effective from | Koha item type |
|---|---|---|---|---|---|---|---|---|---|---|---|---|---|---|---|
| Dewey Decimal Classification | London | London | Journal article | 09/01/2001 | ABS63312 | 110260-1001 | 06/08/2019 | 1 | 06/08/2019 | Journal article |